Les miserables/ (Record no. 359400)
[ view plain ]
| 000 -LEADER | |
|---|---|
| fixed length control field | 00294nam a2200109Ia 4500 |
| 008 - FIXED-LENGTH DATA ELEMENTS--GENERAL INFORMATION | |
| fixed length control field | 181023s9999 xx 000 0 und d |
| 020 ## - INTERNATIONAL STANDARD BOOK NUMBER | |
| International Standard Book Number | 9780449300022 |
| 100 ## - MAIN ENTRY--PERSONAL NAME | |
| Personal name | Hugo, Victor |
| 245 ## - TITLE STATEMENT | |
| Statement of responsibility, etc | Victor Hugo |
| Title | Les miserables/ |
| 260 ## - PUBLICATION, DISTRIBUTION, ETC. (IMPRINT) | |
| Place of publication, distribution, etc | NY: |
| Name of publisher, distributor, etc | Ballantine books |
| Date of publication, distribution, etc | 1961 |
| 300 ## - PHYSICAL DESCRIPTION | |
| Extent | 400 pages : |
| Dimensions | 17 cm. |
| Withdrawn status | Lost status | Damaged status | Home library | Current library | Shelving location | Date acquired | Source of acquisition | Total Checkouts | Full call number | Barcode | Date last seen | Date checked out | Price effective from | Koha item type |
|---|---|---|---|---|---|---|---|---|---|---|---|---|---|---|
| Luxembourg Library | Luxembourg Library | Classic Section | 10/23/2018 | 1 | PQ 2286 .H895 1961 | 20620 | 09/23/2024 | 09/13/2024 | 10/23/2018 | Books |